Statistiques concernant Culture Générale - Série 896

Cliquez ici pour prendre le quiz!

Statistiques générales

  • Ce quiz a été pris 129 fois
  • Le résultat moyen est 5 sur 10

Statistiques - réponses

QuestionRéponse% Correct
Quelle couleur peut être “roi” ou “de Prusse” ?bleu
94%
Avec quelle boisson mélange-t-on un sirop de menthe pour obtenir un diabolo menthe ?limonade
89%
Dans quel pays est né Ernesto Guevara ?Argentine
85%
En 1970, quelle héroïne de conte est incarnée par Catherine Deneuve dans une comédie féerique de Jacques Demy ?Peau d'âne
71%
En 2001 et 2003, quelle actrice a incarné Lara Croft au cinéma ?Angelina Jolie
70%
Dans quel film de François Truffaut découvre-t-on pour la première fois le jeune Antoine Doinel ?Les Quatre Cents Coups
31%
À quel compositeur doit-on le poème symphonique la “Danse macabre” en 1874 ?Camille Saint-Saëns
25%
Sous quel nom l'actrice américaine Betty Joan Perske,épouse d'Humphrey Bogart, est-elle plus connue ?Lauren Bacall
23%
Quelle céréale, originaire d'Afrique, est également appelée “gros mil” ?sorgho
18%
En 1953, quel film d'Albert Lamorisse raconte l'amitié d'un enfant et d'un cheval sauvage ?Crin Blanc
17%

Distribution des résultats

Percentile par nombre de réponses

% des personnes avec chaque résultat

Votre développement - résultats

Vous n’avez pas pris ce quiz